2025 NFL Draft First Round - Statistics

General Stats
  • This quiz has been taken 31 times
  • The average score is 23 of 32
Answer Stats
Pick # Team College Position Answer % Correct
3 NYG Penn St. EDGE Abdul Carter
100%
6 LV Boise St. RB Ashton Jeanty
100%
1 TEN Miami (FL) QB Cam Ward
100%
2 JAX Colorado CB/WR Travis Hunter
97%
10 CHI Michigan TE Colston Loveland
93%
31 PHI Alabama LB Jihaad Campbell
93%
4 NE LSU OT Will Campbell
93%
8 CAR Arizona WR Tetairoa McMillan
90%
14 IND Penn St. TE Tyler Warren
90%
5 CLE Michigan DT Mason Graham
83%
7 NYJ Missouri OT Armand Membou
80%
19 TB Ohio St. WR Emeka Egbuka
77%
25 NYG Ole Miss QB Jaxson Dart
77%
11 SF Georgia EDGE Mykel Williams
77%
28 DET Ohio St. DT Tyleik Williams
77%
9 NO Texas OT Kelvin Banks Jr.
73%
23 GB Texas WR Matthew Golden
73%
22 LAC North Carolina RB Omarion Hampton
73%
15 ATL Georgia EDGE Jalon Walker
70%
26 ATL Tennessee EDGE James Pearce Jr.
63%
12 DAL Alabama G Tyler Booker
63%
27 BAL Georgia S Malaki Starks
60%
17 CIN Texas A&M EDGE Shemar Stewart
60%
16 ARI Ole Miss DT Walter Nolen
60%
18 SEA North Dakota St. G Grey Zabel
57%
32 KC Ohio St. OT Josh Simmons
57%
21 PIT Oregon DT Derrick Harmon
53%
20 DEN Texas CB Jahdae Barron
53%
30 BUF Kentucky CB Maxwell Hairston
50%
29 WSH Oregon OT Josh Conerly Jr.
43%
13 MIA Michigan DT Kenneth Grant
43%
24 MIN Ohio St. G Donovan Jackson
33%
No matching quizzes found
Score Distribution
Percent of People with Each Score
Percentile by Number Answered
Your Score History
You have not taken this quiz